| 000 | 00777nam a22002057a 4500 | ||
|---|---|---|---|
| 999 |
_c20605 _d20605 |
||
| 003 | AR-CdUCM | ||
| 008 | 190531b ||||| |||| 00| 0 spa d | ||
| 040 |
_aMUNICIPALIDAD PROVINCIAL DEL CUSCO _cBIBLIOTECA MUNICIPAL DEL CUSCO |
||
| 082 |
_27ed _a982.009 / _bSA246 |
||
| 100 |
_aSarmiento, Domingo Faustino _936325 |
||
| 245 | _aFacundo / | ||
| 260 |
_aBuenos Aires : _bSopena argentina, _c1958. |
||
| 300 |
_a189 páginas ; _c23 cm. |
||
| 505 | _aContenido: Aspecto físico de la república argentina y caracteres, hábitos e ideas que engendra -- Originalidad y caracteres argentinos -- Asociación... | ||
| 650 |
_aBiografías históricas _96252 |
||
| 650 |
_aArgentina _9511 |
||
| 650 |
_aDescripciones y viajes _9497 |
||
| 942 |
_2ddc _cLIBROS |
||
| 945 |
_adavv _d2019-05-31 |
||